[Event "Bremen Silvester op"]
[Site "Bremen"]
[Date "2019.12.30"]
[Round "7"]
[White "Klemm, Robert"]
[Black "Salm, Andreas"]
[Result "1-0"]
[WhiteElo "1802"]
[BlackElo "1544"]
[PlyCount "91"]
[EventDate "2019.12.27"]
[EventType "swiss"]
[EventRounds "7"]
[EventCountry "GER"]
[SourceTitle "CBM 194 Extra"]
[Source "ChessBase"]
[SourceDate "2020.03.31"]
[SourceVersion "1"]
[SourceVersionDate "2020.03.31"]
[SourceQuality "1"]

1. d4 f5 2. Nf3 Nf6 3. g3 g6 4. Bg2 Bg7 5. 0-0 0-0 6. c4 d6 7. Nc3 Qe8 8. b3 a5 9. Bb2 Na6 10. a3 c5 11. e3 Rb8 12. Qc2 b6 13. Rad1 Bb7 14. d5 Nc7 15. Rfe1 Ba6 16. e4 Nxe4 17. Nxe4 fxe4 18. Bxg7 Kxg7 19. Rxe4 Qd7 20. Ng5 Rbe8 21. Bh3 Qd8 22. Rde1 Bb7 23. Qe2 e5 24. Ne6+ Nxe6 25. Bxe6 Rxe6 26. dxe6 Bxe4 27. Qxe4 Qa8 28. Qd5 Qxd5 29. cxd5 Rf3 30. Re3 Rf5 31. f4 Kf6 32. fxe5+ dxe5 33. g4 Rf4 34. Rxe5 Rxg4+ 35. Kf2 Kxe5 36. e7 Rf4+ 37. Kg3 Rf5 38. e8Q+ Kxd5 39. Qd7+ Ke4 40. Qxh7 Rg5+ 41. Kf2 Rf5+ 42. Ke2 g5 43. Qg6 Kf4 44. Qxb6 g4 45. b4 cxb4 46. Qe3# 1-0

[Event "Bremen Silvester op"]
[Site "Bremen"]
[Date "2019.12.29"]
[Round "5"]
[White "Riewe, Helmuth"]
[Black "Salm, Andreas"]
[Result "1/2-1/2"]
[WhiteElo "1336"]
[BlackElo "1544"]
[PlyCount "90"]
[EventDate "2019.12.27"]
[EventType "swiss"]
[EventRounds "7"]
[EventCountry "GER"]
[SourceTitle "CBM 194 Extra"]
[Source "ChessBase"]
[SourceDate "2020.03.31"]
[SourceVersion "1"]
[SourceVersionDate "2020.03.31"]
[SourceQuality "1"]

1. d4 f5 2. e3 Nf6 3. Nf3 g6 4. c4 Bg7 5. Nbd2 0-0 6. Be2 d6 7. b4 Qe8 8. 0-0 Bd7 9. b5 a6 10. a4 c6 11. Qb3 Kh8 12. Rb1 axb5 13. axb5 e5 14. dxe5 dxe5 15. g3 e4 16. bxc6 Nxc6 17. Ne1 Nd8 18. f3 Ba4 19. Qa2 exf3 20. Rxf3 Ne4 21. Nxe4 Qxe4 22. Rf4 Qe8 23. c5 Ne6 24. Rf3 Bc6 25. Qd2 Bxf3 26. Bxf3 Nxc5 27. Qb4 Ne4 28. Bb2 Bxb2 29. Qxb2+ Kg8 30. Qxb7 Qf7 31. Qxf7+ Rxf7 32. Nd3 Rd8 33. Ne5 Rc7 34. Bxe4 fxe4 35. Ng4 Kg7 36. Nf2 Rdc8 37. Nxe4 Rc1+ 38. Rxc1 Rxc1+ 39. Kg2 Rc2+ 40. Nf2 h5 41. h4 Kf6 42. Kf3 Ra2 43. Nh3 Ra3 44. Nf4 Kf5 45. Ng2 Rb3 1/2-1/2

[Event "Bremen Silvester op"]
[Site "Bremen"]
[Date "2019.12.28"]
[Round "3"]
[White "Salm, Andreas"]
[Black "Zanner, Marcel"]
[Result "1/2-1/2"]
[WhiteElo "1544"]
[BlackElo "1394"]
[PlyCount "78"]
[EventDate "2019.12.27"]
[EventType "swiss"]
[EventRounds "7"]
[EventCountry "GER"]
[SourceTitle "CBM 194 Extra"]
[Source "ChessBase"]
[SourceDate "2020.03.31"]
[SourceVersion "1"]
[SourceVersionDate "2020.03.31"]
[SourceQuality "1"]

1. c4 g6 2. g3 Bg7 3. Bg2 e6 4. Nc3 Ne7 5. e4 c6 6. d3 d5 7. cxd5 exd5 8. exd5 cxd5 9. Nge2 0-0 10. 0-0 Be6 11. h3 Nd7 12. Kh2 Nf6 13. Rb1 Qc7 14. Bf4 Qd7 15. Qd2 Nh5 16. Bh6 a6 17. Bxg7 Kxg7 18. d4 b5 19. a3 Rac8 20. Nf4 Nxf4 21. Qxf4 a5 22. Qe5+ f6 23. Qe3 b4 24. axb4 axb4 25. Ne2 Rfe8 26. Rbc1 Nf5 27. Qd2 Qb5 28. Nf4 Bf7 29. Rxc8 Rxc8 30. Rc1 Rc4 31. Bf1 Nxd4 32. Qxd4 Rxd4 33. Bxb5 Rd2 34. Nd3 b3 35. Rc7 Kf8 36. g4 g5 37. Rc8+ Ke7 38. Rc7+ Kf8 39. Rc8+ Ke7 1/2-1/2

[Event "Bremen Silvester op"]
[Site "Bremen"]
[Date "2019.12.27"]
[Round "1"]
[White "Salm, Andreas"]
[Black "Herlan, Klaus Juergen"]
[Result "0-1"]
[WhiteElo "1544"]
[BlackElo "2008"]
[PlyCount "60"]
[EventDate "2019.12.27"]
[EventType "swiss"]
[EventRounds "7"]
[EventCountry "GER"]
[SourceTitle "CBM 194 Extra"]
[Source "ChessBase"]
[SourceDate "2020.03.31"]
[SourceVersion "1"]
[SourceVersionDate "2020.03.31"]
[SourceQuality "1"]

1. c4 Nf6 2. g3 c6 3. Bg2 d5 4. cxd5 cxd5 5. Nf3 Nc6 6. 0-0 e5 7. d4 e4 8. Ne5 Bd6 9. Qa4 Qb6 10. Nxc6 bxc6 11. e3 0-0 12. h3 Ba6 13. Re1 Rfc8 14. Bf1 Bxf1 15. Rxf1 h6 16. Nc3 Rab8 17. Qd1 Qc7 18. Kg2 Re8 19. a3 Nd7 20. f4 exf3+ 21. Qxf3 Nf6 22. Rb1 Ne4 23. Nxe4 dxe4 24. Qg4 Bxa3 25. Rf4 Qe7 26. Rf1 Rb5 27. Rf4 Bd6 28. Rf1 Rg5 29. Qe2 Rxg3+ 30. Kf2 Qh4 0-1

[Event "Bremen Silvester op"]
[Site "Bremen"]
[Date "2018.12.30"]
[Round "7"]
[White "Zanner, Marcel"]
[Black "Salm, Andreas"]
[Result "0-1"]
[WhiteElo "1510"]
[BlackElo "1517"]
[PlyCount "88"]
[EventDate "2018.12.27"]
[EventType "swiss"]
[EventRounds "7"]
[EventCountry "GER"]
[SourceTitle "CBM 188 Extra"]
[Source "ChessBase"]
[SourceDate "2019.02.26"]
[SourceVersion "1"]
[SourceVersionDate "2019.02.26"]
[SourceQuality "1"]

1. d4 f5 2. g3 Nf6 3. Bg2 g6 4. Nh3 Bg7 5. Nf4 0-0 6. c3 d6 7. Qb3+ Kh8 8. Bxb7 Bxb7 9. Qxb7 Nbd7 10. Ne6 Qb8 11. Qxb8 Rfxb8 12. Nxc7 a5 13. Nxa8 Rxa8 14. Nd2 Nb6 15. a4 Nbd5 16. 0-0 Ng4 17. h3 Ngf6 18. Nf3 h6 19. Bd2 Rb8 20. Rfb1 Ne4 21. Be1 Rb3 22. Nd2 Nxd2 23. Bxd2 Kh7 24. e3 Nb6 25. Ra3 Rxa3 26. bxa3 Nc4 27. Bc1 e5 28. Kf1 e4 29. Ke2 g5 30. f3 Kg6 31. f4 gxf4 32. exf4 h5 33. Rb8 Bf6 34. Rc8 Nb6 35. Rc6 Nxa4 36. Kd2 h4 37. g4 fxg4 38. hxg4 h3 39. Rxd6 h2 40. g5 h1Q 41. Rxf6+ Kg7 42. f5 Qg2+ 43. Kd1 Nxc3+ 44. Ke1 Qe2# 0-1

[Event "Bremen-ch op"]
[Site "Bremen"]
[Date "2018.03.30"]
[Round "8"]
[White "Salm, Andreas"]
[Black "Buhrdorf, Axel"]
[Result "0-1"]
[WhiteElo "1522"]
[BlackElo "1885"]
[PlyCount "64"]
[EventDate "2018.03.24"]
[EventType "swiss"]
[EventRounds "9"]
[EventCountry "GER"]
[SourceTitle "EXT 2019"]
[Source "ChessBase"]
[SourceDate "2018.10.10"]
[SourceVersion "1"]
[SourceVersionDate "2018.10.10"]
[SourceQuality "1"]

1. c4 g6 2. g3 Bg7 3. Bg2 c6 4. Nc3 Nf6 5. e4 d6 6. h3 e5 7. d3 Be6 8. Bg5 h6 9. Be3 Nbd7 10. Rb1 a5 11. a4 0-0 12. Nf3 d5 13. cxd5 cxd5 14. exd5 Nxd5 15. Nxd5 Bxd5 16. Qd2 Kh7 17. 0-0 f5 18. Ng5+ hxg5 19. Bxg5 Nf6 20. f3 Bc6 21. h4 Qd7 22. Rbe1 Bxa4 23. Bxf6 Qd4+ 24. Kh1 Bxf6 25. f4 Bc6 26. Bxc6 bxc6 27. fxe5 Bxe5 28. Qg5 Qd5+ 29. Kh2 Bf6 30. Qf4 Rab8 31. Qc7+ Bg7 32. Re7 Rxb2+ 0-1

[Event "Bremen-ch op"]
[Site "Bremen"]
[Date "2014.04.18"]
[Round "8"]
[White "Salm, Andreas"]
[Black "Jung, Gerald"]
[Result "0-1"]
[WhiteElo "1468"]
[BlackElo "1997"]
[PlyCount "74"]
[EventDate "2014.04.14"]
[EventType "swiss"]
[EventRounds "9"]
[EventCountry "GER"]
[SourceTitle "EXT 2018"]
[Source "ChessBase"]
[SourceDate "2017.10.13"]
[SourceVersion "1"]
[SourceVersionDate "2017.10.13"]
[SourceQuality "1"]

1. c4 Nf6 2. g3 g6 3. Bg2 Bg7 4. d3 0-0 5. Nc3 d6 6. h3 e5 7. e4 Nc6 8. Nge2 a5 9. 0-0 Be6 10. f4 Qc8 11. Kh2 Ne7 12. Nd5 Bxd5 13. exd5 Nd7 14. Rb1 f5 15. Be3 b6 16. a4 Rf7 17. Qd2 Qf8 18. b3 Rd8 19. Qe1 h6 20. Qd2 Kh7 21. Qe1 Bf6 22. h4 Qg7 23. Bf3 Rg8 24. Rg1 Qf8 25. Qf1 Nc5 26. Bxc5 dxc5 27. Qh3 Qe8 28. Rg2 Nc8 29. Rbg1 h5 30. Bxh5 gxh5 31. Qxf5+ Kh6 32. g4 Bxh4 33. g5+ Kg7 34. Qh3 exf4 35. Qxh4 f3 36. Nf4 Qe5 37. g6 Rxf4 0-1

[Event "Bremen-ch op"]
[Site "Bremen"]
[Date "2014.04.16"]
[Round "4"]
[White "Salm, Andreas"]
[Black "Sausmikat, Armin"]
[Result "0-1"]
[WhiteElo "1468"]
[BlackElo "1968"]
[PlyCount "32"]
[EventDate "2014.04.14"]
[EventType "swiss"]
[EventRounds "9"]
[EventCountry "GER"]
[SourceTitle "EXT 2018"]
[Source "ChessBase"]
[SourceDate "2017.10.13"]
[SourceVersion "1"]
[SourceVersionDate "2017.10.13"]
[SourceQuality "1"]

1. c4 e5 2. g3 Nf6 3. Bg2 c6 4. e4 d5 5. cxd5 cxd5 6. exd5 Nxd5 7. Nc3 Nb4 8. Qa4+ Bd7 9. Qb3 Nd3+ 10. Ke2 Nc5 11. Qc2 Nc6 12. Ke1 Nd4 13. Qd1 Bf5 14. Bxb7 Nc2+ 15. Kf1 Bd3+ 16. Kg2 Nxb7 0-1

[Event "Bremen-ch op"]
[Site "Bremen"]
[Date "2014.04.14"]
[Round "1"]
[White "Pienski, Olaf"]
[Black "Salm, Andreas"]
[Result "1-0"]
[WhiteElo "2067"]
[BlackElo "1468"]
[PlyCount "47"]
[EventDate "2014.04.14"]
[EventType "swiss"]
[EventRounds "9"]
[EventCountry "GER"]
[SourceTitle "EXT 2018"]
[Source "ChessBase"]
[SourceDate "2017.10.13"]
[SourceVersion "1"]
[SourceVersionDate "2017.10.13"]
[SourceQuality "1"]

1. e4 d5 2. exd5 Qxd5 3. Nc3 Qa5 4. d4 Nf6 5. Nf3 Bg4 6. h3 Bf5 7. Bd2 c6 8. g4 Bg6 9. Ne5 Nbd7 10. Nxg6 hxg6 11. Bg2 e6 12. Qe2 Bb4 13. a3 Be7 14. d5 cxd5 15. Nxd5 Qd8 16. Nxe7 Qxe7 17. Bb4 Qd8 18. 0-0-0 Qc7 19. Rd2 0-0-0 20. Bd6 Qb6 21. Qc4+ Nc5 22. Bxc5 Qc7 23. Rhd1 b6 24. Qa6+ 1-0

[Event "Niedersachsen-ch op-B"]
[Site "Verden"]
[Date "2014.01.05"]
[Round "7"]
[White "Salm, Andreas"]
[Black "Petri, Ben Luca"]
[Result "1/2-1/2"]
[WhiteElo "1477"]
[BlackElo "1091"]
[PlyCount "51"]
[EventDate "2014.01.02"]
[EventType "swiss"]
[EventRounds "7"]
[EventCountry "GER"]
[SourceTitle "EXT 2016"]
[Source "ChessBase"]
[SourceDate "2015.10.08"]
[SourceVersion "1"]
[SourceVersionDate "2015.10.08"]
[SourceQuality "1"]

1. c4 c6 2. Nf3 d5 3. g3 Nf6 4. Bg2 Bf5 5. 0-0 e6 6. d3 Bd6 7. Bg5 h6 8. Bd2 0-0 9. h3 Nbd7 10. Bc3 Qc7 11. Kh2 Rfe8 12. Re1 c5 13. Bxf6 Nxf6 14. Nc3 d4 15. Nb5 Qd7 16. Nxd6 Qxd6 17. b3 Rab8 18. Kg1 Bh7 19. a4 Re7 20. e4 e5 21. g4 Nd7 22. Nh4 g6 23. Qd2 Kg7 24. Rf1 Qf6 25. Nf3 g5 26. Rab1 1/2-1/2

[Event "Leipzig VfB op 16th"]
[Site "Leipzig"]
[Date "2009.04.02"]
[Round "4"]
[White "Salm, Andreas"]
[Black "Grakovitch, Rudolf"]
[Result "1/2-1/2"]
[WhiteElo "1214"]
[BlackElo "1507"]
[PlyCount "65"]
[EventDate "2009.03.31"]
[EventType "swiss"]
[EventRounds "9"]
[EventCountry "GER"]
[SourceTitle "EXT 2010"]
[Source "ChessBase"]
[SourceDate "2010.11.25"]
[SourceVersion "1"]
[SourceVersionDate "2010.11.25"]
[SourceQuality "1"]

1. c4 b6 2. Nc3 Bb7 3. Nf3 Nc6 4. e4 e5 5. d3 h6 6. a3 a5 7. g3 Bc5 8. Bg2 Nge7 9. 0-0 0-0 10. Nb5 Ba6 11. Be3 Bxe3 12. fxe3 d6 13. Nc3 Bc8 14. Nd5 Nxd5 15. exd5 Nb8 16. e4 Bg4 17. h3 Bd7 18. d4 f6 19. dxe5 fxe5 20. Nh4 Rxf1+ 21. Qxf1 Qg5 22. Kh2 Na6 23. Qc1 Qf6 24. Qf1 Rf8 25. Qxf6 Rxf6 26. Rf1 Nc5 27. Rxf6 gxf6 28. g4 a4 29. Nf5 Bxf5 30. gxf5 Nd3 31. Bf1 Nxb2 32. Be2 Kf8 33. Kg3 1/2-1/2

[Event "Leipzig VfB op 16th"]
[Site "Leipzig"]
[Date "2009.04.01"]
[Round "2"]
[White "Salm, Andreas"]
[Black "Kreyssig, Robert"]
[Result "1/2-1/2"]
[WhiteElo "1214"]
[BlackElo "1801"]
[PlyCount "82"]
[EventDate "2009.03.31"]
[EventType "swiss"]
[EventRounds "9"]
[EventCountry "GER"]
[SourceTitle "EXT 2010"]
[Source "ChessBase"]
[SourceDate "2010.11.25"]
[SourceVersion "1"]
[SourceVersionDate "2010.11.25"]
[SourceQuality "1"]

1. c4 c6 2. Nc3 Nf6 3. g3 d5 4. cxd5 cxd5 5. d4 e6 6. Bg2 Bd6 7. Nf3 Nc6 8. 0-0 0-0 9. Bg5 h6 10. Bxf6 Qxf6 11. e4 dxe4 12. Nxe4 Qe7 13. Nxd6 Qxd6 14. Re1 Rd8 15. a3 Nxd4 16. Nxd4 Qxd4 17. Qxd4 Rxd4 18. Rad1 Rd7 19. Rxd7 Bxd7 20. Rd1 Bb5 21. Bxb7 Rb8 22. Be4 Rc8 23. Bd3 Ba4 24. Rd2 Kf8 25. Be4 Ke7 26. Rd4 Bc6 27. Bxc6 Rxc6 28. Kg2 Rb6 29. b4 Rd6 30. Rc4 Kd7 31. b5 Rb6 32. a4 Rb7 33. h4 Rc7 34. Rd4+ Kc8 35. h5 Rc5 36. g4 Kc7 37. f3 e5 38. Re4 Kd6 39. Kg3 Kd5 40. Re1 f6 41. Rd1+ Ke6 1/2-1/2

[Event "Leipzig VfB op 16th"]
[Site "Leipzig"]
[Date "2009.03.31"]
[Round "1"]
[White "Lehmann, Lothar"]
[Black "Salm, Andreas"]
[Result "1-0"]
[WhiteElo "1939"]
[BlackElo "1214"]
[PlyCount "35"]
[EventDate "2009.03.31"]
[EventType "swiss"]
[EventRounds "9"]
[EventCountry "GER"]
[SourceTitle "EXT 2010"]
[Source "ChessBase"]
[SourceDate "2010.11.25"]
[SourceVersion "1"]
[SourceVersionDate "2010.11.25"]
[SourceQuality "1"]

1. e4 d5 2. exd5 Qxd5 3. Nc3 Qd6 4. Nf3 a6 5. g3 Nf6 6. Bg2 Bg4 7. 0-0 e5 8. Re1 Nbd7 9. h3 Bh5 10. d4 0-0-0 11. dxe5 Qxd1 12. Rxd1 Nxe5 13. Rxd8+ Kxd8 14. Nxe5 Bd6 15. Nc4 b5 16. Nxd6 cxd6 17. Bf4 Bg6 18. Re1 1-0